| 000 | 00533nam a22001577a 4500 | ||
|---|---|---|---|
| 999 |
_c535712 _d535712 |
||
| 020 | _qHard Cover. | ||
| 082 | _a621.3 | ||
| 100 | _aAsad Hussain, Syed | ||
| 245 |
_aControl of Under-Actuated Two-Link ROBOT with Hybrid LQ-Fuzzy Controller / _cSyed Asad Hussain. |
||
| 260 |
_aIslamabad : _bPNEC - NUST, _c2014. |
||
| 300 |
_a77 p. : ill. ; _c30cm. |
||
| 942 |
_2ddc _cTHE |
||
| 650 |
_aElectrical Engineering MS-Thesis. _916073 |
||
| 700 |
_aDr. Muhammad Bilal Kadri. _929939 |
||